[Event "EYCC Open-U16 2019"]
[Site "Bratislava"]
[Date "2019.08.10"]
[Round "9.14"]
[White "Niedbala, Bartlomiej"]
[Black "Milosevic, Milos"]
[Result "1/2-1/2"]
[WhiteElo "2152"]
[BlackElo "2312"]
[Annotator "NA"]
[PlyCount "44"]
[EventDate "2019.08.02"]
[EventType "swiss"]
[EventCountry "SVK"]
[SourceTitle "playchess.com"]
[Source "ChessBase"]
[SourceQuality "1"]
[TimeControl "40/5400+30:1800+30"]

1. e4 {[%emt 0:00:00]} c5 {[%emt 0:00:00]} 2. Nf3 {[%emt 0:00:00]} d6 {[%emt 0:00:00]} 3. d4 {[%emt 0:00:27]} cxd4 {[%emt 0:00:00]} 4. Nxd4 {[%emt 0:00:02]} Nf6 {[%emt 0:00:00]} 5. Nc3 {[%emt 0:00:04]} a6 {[%emt 0:00:00]} 6. Be2 {[%emt 0:00:06]} e5 {[%emt 0:00:00]} 7. Nf3 {[%emt 0:00:03]} Qc7 {[%emt 0:00:00]} 8. Bg5 {[%emt 0:00:26]} Nbd7 {[%emt 0:00:00]} 9. a4 {[%emt 0:00:05]} h6 {[%emt 0:00:19]} 10. Be3 {[%emt 0:01:49]} Nb6 {[%emt 0:00:26]} 11. O-O {[%emt 0:09:46]} Be6 {[%emt 0:01:28]} 12. Re1 {[%emt 0:10:32]} Rc8 {[%emt 0:03:47]} 13. Nd2 {[%emt 0:14:00]} Be7 {[%emt 0:03:20]} 14. a5 {[%emt 0:13:35]} Nc4 {[%emt 0:05:33]} 15. Bxc4 {[%emt 0:04:48]} Bxc4 {[%emt 0:00:03]} 16. Bb6 {[%emt 0:00:32]} Qc6 {[%emt 0:06:33]} 17. Nxc4 {[%emt 0:03:27]} Qxc4 {[%emt 0:00:04]} 18. Re3 {[%emt 0:09:50]} O-O {[%emt 0:01:06]} 19. Ra4 {[%emt 0:00:48]} Qe6 {[%emt 0:02:17]} 20. Rd3 {[%emt 0:00:57]} Nd7 {[%emt 0:08:27]} 21. Nd5 {[%emt 0:01:58]} Nxb6 {[%emt 0:02:58]} 22. Nxb6 {[%emt 0:02:36]} Rc6 {[%emt 0:03:16]} 1/2-1/2

[Event "EYCC Open-U16 2019"]
[Site "Bratislava"]
[Date "2019.08.10"]
[Round "9.15"]
[White "Stefansson, Vignir Vatnar"]
[Black "Cohen Revivo, Shoham"]
[Result "1-0"]
[WhiteElo "2293"]
[BlackElo "2254"]
[Annotator "NA"]
[PlyCount "153"]
[EventDate "2019.08.02"]
[EventType "swiss"]
[EventCountry "SVK"]
[SourceTitle "playchess.com"]
[Source "ChessBase"]
[SourceQuality "1"]
[TimeControl "40/5400+30:1800+30"]

1. d4 {[%emt 0:00:00]} d5 {[%emt 0:00:00]} 2. c4 {[%emt 0:00:00]} c6 {[%emt 0:00:00]} 3. Nc3 {[%emt 0:00:00]} Nf6 {[%emt 0:00:00]} 4. e3 {[%emt 0:00:00]} e6 {[%emt 0:00:06]} 5. Rb1 {[%emt 0:00:08]} Nbd7 {[%emt 0:01:32]} 6. Nf3 {[%emt 0:00:11]} Bd6 {[%emt 0:00:09]} 7. Bd3 {[%emt 0:00:18]} dxc4 {[%emt 0:00:13]} 8. Bxc4 {[%emt 0:00:04]} b5 {[%emt 0:00:10]} 9. Bd3 {[%emt 0:00:10]} O-O {[%emt 0:01:19]} 10. O-O {[%emt 0:18:41]} b4 {[%emt 0:05:37]} 11. Ne2 {[%emt 0:08:41]} c5 {[%emt 0:00:40]} 12. e4 {[%emt 0:01:22]} e5 {[%emt 0:15:31]} 13. dxe5 {[%emt 0:04:48]} Nxe5 {[%emt 0:00:07]} 14. Nxe5 {[%emt 0:00:05]} Bxe5 {[%emt 0:00:06]} 15. f4 {[%emt 0:04:27]} Bd4+ {[%emt 0:00:51]} 16. Kh1 {[%emt 0:00:11]} Bb7 {[%emt 0:03:08]} 17. Nxd4 {[%emt 0:14:33]} Qxd4 {[%emt 0:00:12]} 18. e5 {[%emt 0:00:36]} Ne4 {[%emt 0:00:57]} 19. Qe2 {[%emt 0:08:42]} Rad8 {[%emt 0:04:04]} 20. Bc4 {[%emt 0:02:03]} Nd2 {[%emt 0:05:26]} 21. Bxd2 {[%emt 0:00:28]} Qxd2 {[%emt 0:00:02]} 22. Rbd1 {[%emt 0:03:21]} Qxe2 {[%emt 0:01:02]} 23. Bxe2 {[%emt 0:00:03]} Bd5 {[%emt 0:00:12]} 24. b3 {[%emt 0:00:16]} a5 {[%emt 0:02:03]} 25. Rc1 {[%emt 0:04:21]} Be4 {[%emt 0:06:51]} 26. Rfd1 {[%emt 0:00:55]} g6 {[%emt 0:01:59]} 27. Kg1 {[%emt 0:02:37]} Rxd1+ {[%emt 0:03:46]} 28. Rxd1 {[%emt 0:00:13]} a4 {[%emt 0:01:15]} 29. Bc4 {[%emt 0:04:37]} axb3 {[%emt 0:01:39]} 30. axb3 {[%emt 0:00:11]} Bf5 {[%emt 0:01:24]} 31. Rd6 {[%emt 0:02:00]} Rc8 {[%emt 0:00:28]} 32. Kf2 {[%emt 0:01:06]} Rc7 {[%emt 0:01:29]} 33. h3 {[%emt 0:00:55]} Kg7 {[%emt 0:04:19]} 34. g4 {[%emt 0:01:45]} Be4 {[%emt 0:04:40]} 35. h4 {[%emt 0:01:18]} Re7 {[%emt 0:02:47]} 36. Rd8 {[%emt 0:00:31]} Bb7 {[%emt 0:08:15]} 37. Kg3 {[%emt 0:01:44]} Be4 {[%emt 0:10:25]} 38. Rc8 {[%emt 0:01:34]} Rd7 {[%emt 0:03:23]} 39. Rxc5 {[%emt 0:00:34]} h5 {[%emt 0:05:24]} 40. gxh5 {[%emt 0:00:00]} gxh5 {[%emt 0:00:00]} 41. Kf2 {[%emt 0:00:45]} Bd3 {[%emt 0:02:25]} 42. Bd5 {[%emt 0:00:58]} Bf5 {[%emt 0:00:36]} 43. Ke3 {[%emt 0:00:21]} Kf8 {[%emt 0:05:10]} 44. Rb5 {[%emt 0:00:29]} Ke7 {[%emt 0:00:44]} 45. Bc4 {[%emt 0:00:24]} f6 {[%emt 0:01:40]} 46. Rxb4 {[%emt 0:00:14]} fxe5 {[%emt 0:00:09]} 47. fxe5 {[%emt 0:00:06]} Bg4 {[%emt 0:01:48]} 48. Rb6 {[%emt 0:00:13]} Rd1 {[%emt 0:00:24]} 49. Rb7+ {[%emt 0:00:18]} Kd8 {[%emt 0:00:07]} 50. Kf4 {[%emt 0:00:23]} Re1 {[%emt 0:01:19]} 51. Rb5 {[%emt 0:01:25]} Kd7 {[%emt 0:01:26]} 52. Kg5 {[%emt 0:00:24]} Kc6 {[%emt 0:00:08]} 53. Kf6 {[%emt 0:00:21]} Re3 {[%emt 0:03:05]} 54. Ra5 {[%emt 0:00:40]} Rf3+ {[%emt 0:00:17]} 55. Ke7 {[%emt 0:00:06]} Rh3 {[%emt 0:00:23]} 56. e6 {[%emt 0:01:11]} Rxh4 {[%emt 0:00:30]} 57. Kd8 {[%emt 0:00:10]} Bxe6 {[%emt 0:02:03]} 58. Ra6+ {[%emt 0:00:18]} Kc5 {[%emt 0:00:12]} 59. Rxe6 {[%emt 0:00:07]} Rd4+ {[%emt 0:00:11]} 60. Kc7 {[%emt 0:00:05]} h4 {[%emt 0:00:07]} 61. Rh6 {[%emt 0:00:04]} Kb4 {[%emt 0:00:29]} 62. Kc6 {[%emt 0:00:11]} Rf4 {[%emt 0:00:40]} 63. Kd5 {[%emt 0:00:06]} Rg4 {[%emt 0:00:41]} 64. Ke5 {[%emt 0:00:05]} Rg5+ {[%emt 0:00:14]} 65. Kf4 {[%emt 0:00:06]} Rg1 {[%emt 0:00:10]} 66. Rxh4 {[%emt 0:00:09]} Re1 {[%emt 0:00:07]} 67. Rh3 {[%emt 0:00:09]} Re8 {[%emt 0:00:09]} 68. Re3 {[%emt 0:00:06]} Rf8+ {[%emt 0:00:06]} 69. Ke4 {[%emt 0:00:04]} Re8+ {[%emt 0:00:09]} 70. Kd3 {[%emt 0:00:07]} Rd8+ {[%emt 0:00:14]} 71. Kc2 {[%emt 0:00:05]} Rb8 {[%emt 0:00:07]} 72. Re4 {[%emt 0:00:08]} Rb6 {[%emt 0:00:14]} 73. Bd3+ {[%emt 0:00:05]} Kc5 {[%emt 0:00:07]} 74. Kc3 {[%emt 0:00:02]} Kd5 {[%emt 0:00:16]} 75. Rc4 {[%emt 0:00:05]} Rh6 {[%emt 0:00:21]} 76. b4 {[%emt 0:00:05]} Rh3 {[%emt 0:00:17]} 77. b5 {[%emt 0:00:06]} 1-0

[Event "EYCC Open-U16 2019"]
[Site "Bratislava"]
[Date "2019.08.10"]
[Round "9.16"]
[White "Sargsyan, Tigran R."]
[Black "Ivanovic, Marko"]
[Result "1-0"]
[WhiteElo "2314"]
[BlackElo "2267"]
[Annotator "NA"]
[PlyCount "103"]
[EventDate "2019.08.02"]
[EventType "swiss"]
[EventCountry "SVK"]
[SourceTitle "playchess.com"]
[Source "ChessBase"]
[SourceQuality "1"]
[TimeControl "40/5400+30:1800+30"]

1. d4 {[%emt 0:00:00]} d6 {[%emt 0:01:36]} 2. Nf3 {[%emt 0:00:00]} f5 {[%emt 0:00:16]} 3. Nc3 {[%emt 0:00:10]} Nf6 {[%emt 0:00:12]} 4. Bg5 {[%emt 0:00:12]} Nbd7 {[%emt 0:00:21]} 5. Qd3 {[%emt 0:00:34]} e6 {[%emt 0:22:13]} 6. e4 {[%emt 0:02:36]} fxe4 {[%emt 0:00:33]} 7. Nxe4 {[%emt 0:00:07]} Be7 {[%emt 0:03:46]} 8. Ng3 {[%emt 0:06:24]} c6 {[%emt 0:10:20]} 9. Qd2 {[%emt 0:04:39]} Qc7 {[%emt 0:34:24]} 10. Bd3 {[%emt 0:08:41]} Nf8 {[%emt 0:00:04]} 11. O-O-O {[%emt 0:02:28]} Bd7 {[%emt 0:00:12]} 12. Rhe1 {[%emt 0:00:32]} O-O-O {[%emt 0:00:08]} 13. Nf5 {[%emt 0:01:21]} Be8 {[%emt 0:06:53]} 14. Nxg7 {[%emt 0:03:22]} Qd7 {[%emt 0:02:51]} 15. Nxe6 {[%emt 0:03:16]} Nxe6 {[%emt 0:00:08]} 16. Bf5 {[%emt 0:00:17]} Bf7 {[%emt 0:00:12]} 17. Qe2 {[%emt 0:00:35]} Nd5 {[%emt 0:00:13]} 18. Bxe6 {[%emt 0:01:18]} Bxe6 {[%emt 0:00:10]} 19. Qxe6 {[%emt 0:00:31]} Qxe6 {[%emt 0:00:16]} 20. Rxe6 {[%emt 0:00:08]} Bxg5+ {[%emt 0:00:03]} 21. Nxg5 {[%emt 0:00:13]} Rhf8 {[%emt 0:04:58]} 22. f3 {[%emt 0:03:42]} Nf4 {[%emt 0:00:32]} 23. Re4 {[%emt 0:00:25]} Nxg2 {[%emt 0:01:38]} 24. Ne6 {[%emt 0:00:25]} Rxf3 {[%emt 0:00:25]} 25. Nxd8 {[%emt 0:00:08]} Kxd8 {[%emt 0:00:02]} 26. Rg1 {[%emt 0:01:15]} Rf2 {[%emt 0:00:10]} 27. Rg4 {[%emt 0:01:50]} Ne3 {[%emt 0:00:28]} 28. Rg8+ {[%emt 0:00:35]} Kc7 {[%emt 0:00:58]} 29. R1g7+ {[%emt 0:01:01]} Kb6 {[%emt 0:00:03]} 30. Rb8 {[%emt 0:00:22]} Rxc2+ {[%emt 0:00:07]} 31. Kb1 {[%emt 0:00:04]} Kb5 {[%emt 0:01:00]} 32. Rxh7 {[%emt 0:11:01]} b6 {[%emt 0:00:55]} 33. Re8 {[%emt 0:03:13]} Re2 {[%emt 0:00:04]} 34. a4+ {[%emt 0:00:52]} Kc4 {[%emt 0:00:43]} 35. Rhe7 {[%emt 0:00:13]} Kxd4 {[%emt 0:00:11]} 36. h4 {[%emt 0:00:19]} d5 {[%emt 0:00:44]} 37. h5 {[%emt 0:00:19]} Rh2 38. Rxe3 {[%emt 0:00:12]} Rxh5 {[%emt 0:00:58]} 39. Rc3 {[%emt 0:01:03]} Rh6 {[%emt 0:00:15]} 40. Re7 {[%emt 0:00:00]} a5 {[%emt 0:00:00]} 41. Rb7 {[%emt 0:01:10]} c5 {[%emt 0:00:16]} 42. Rb3 {[%emt 0:00:15]} c4 {[%emt 0:01:04]} 43. R3xb6 {[%emt 0:00:18]} Rh1+ {[%emt 0:00:04]} 44. Ka2 {[%emt 0:00:07]} Kd3 {[%emt 0:00:05]} 45. Rd6 {[%emt 0:00:59]} d4 {[%emt 0:00:19]} 46. Rbd7 {[%emt 0:00:48]} Rh4 {[%emt 0:00:07]} 47. Rd5 {[%emt 0:00:29]} Ke3 {[%emt 0:00:12]} 48. Rxa5 {[%emt 0:00:12]} Rh2 {[%emt 0:00:27]} 49. Re5+ {[%emt 0:00:39]} Kf4 {[%emt 0:01:03]} 50. Rc5 {[%emt 0:00:18]} c3 {[%emt 0:00:12]} 51. Rxd4+ {[%emt 0:00:12]} Ke3 {[%emt 0:00:01]} 52. Rb4 {[%emt 0:00:18]} 1-0

[Event "EYCC Open-U16 2019"]
[Site "Bratislava"]
[Date "2019.08.10"]
[Round "9.17"]
[White "Kasioumis, Vasilios"]
[Black "Suvorov, Alexander"]
[Result "1-0"]
[WhiteElo "2015"]
[BlackElo "2333"]
[Annotator "TA"]
[PlyCount "89"]
[EventDate "2019.08.02"]
[EventType "swiss"]
[EventCountry "SVK"]
[SourceTitle "playchess.com"]
[Source "ChessBase"]
[SourceQuality "1"]

{[%evp 14,89,31,12,28,25,29,15,28,0,0,0,36,30,77,59,55,66,62,70,72,70,66,71,64,93,79,70,58,74,99,93,109,102,109,109,117,125,121,103,115,64,141,116,216,145,160,160,156,163,206,218,385,377,387,381,458,458,457,424,1166,949,29976,29976,29973,29974,5277,1500,29984,661,29985,614,29986,29987,29982,29983,29990,29991]} 1. e4 c5 2. Nf3 e6 3. d4 cxd4 4. Nxd4 Nc6 5. Nc3 Qc7 6. g3 a6 7. Bg2 Nf6 8. O-O h5 {B47: Sicilian: Taimanov: 5 Nc3 Qc7 6 f4, 6 g3 and 6 Be2} (8... Be7 9. Re1 O-O 10. Nxc6 dxc6 11. e5 Rd8 12. Qf3 Nd5 13. h4 Bd7 14. Bg5 Bxg5 15. hxg5 Nxc3 16. Qxc3 Be8 17. Rad1 a5 18. a3 Rab8 19. Qc5 b6 20. Qe3 c5 {1-0 (60) Wang,H (2726)-Andreikin,D (2721) China 2019}) 9. Bg5 Bc5 10. Nxc6 dxc6 {The position is equal.} 11. Bxf6 gxf6 12. Qf3 Qe5 13. h4 $146 ({Predecessor:} 13. Rad1 Bd7 14. Na4 Ba7 15. h4 Rg8 16. Qd3 O-O-O 17. Kh2 Qa5 {½-½ (49) Phillips,W (1998)-Quinn,J (2161) London 2009}) 13... b5 14. Rfd1 Bb6 15. Ne2 Ke7 16. Nf4 Bb7 17. Nd3 Qc7 $1 18. Rac1 Rad8 19. c4 Bd4 20. cxb5 axb5 21. b4 Rhg8 {Hoping for ...Rxg3.} 22. Kf1 e5 {[#]} 23. Bh3 $1 (23. Qxh5 $6 Bc8 $11) 23... Ra8 24. Rc2 ({Don't do} 24. Qxh5 Rxa2 25. Qf3 Qd8 $11) 24... Bc8 {[#]} 25. Bf5 $1 Rh8 26. Rdc1 Bb7 27. Qe2 ({Better is} 27. Kg2 $16) 27... Rad8 (27... Ra4 $14) 28. Kg2 Qd6 (28... Kf8 $16) 29. Rd1 Bc8 30. Bxc8 Rxc8 31. Nc5 Ra8 32. Nb3 Qxb4 $2 (32... Rac8 {was necessary.} 33. Rcd2 Rcd8) 33. Rxc6 $18 Rac8 34. Rdc1 Rcd8 35. Qf3 ({Less strong is} 35. Nxd4 Qxd4 36. Ra6 (36. Qxb5 Qxe4+ 37. Kh2 Kf8 $16) 36... Rh6 $18) 35... Rh6 36. Ra6 Rd6 (36... Kf8 $142 37. Rxf6 Rxf6 38. Qxf6 Qd6 39. Qh8+ Ke7 40. Qxh5 Qg6 41. Rc7+ Kd6 42. Qxg6+ fxg6) 37. Rc7+ Rd7 38. Rxd7+ Kxd7 39. Qf5+ Ke7 40. Na5 (40. Qc8 $142 Qc4 41. Qb8) 40... Kf8 41. Nc6 (41. Qc8+ $142 Kg7 42. Ra8 Rh7 43. Qg8+ Kh6 44. Qd8 Kg7 45. Nc6 Qc5 46. Ne7 Qxe7 47. Qxe7) 41... Qc5 {and the idea ...Kg7 leaves Black hopeful.} 42. Ra8+ Kg7 43. Qc8 {[%csl Ga8][%cal Rc8g8] White mates.} Rh7 44. Qe8 Kh6 45. Ne7 {Accuracy: White = 81%, Black = 37%.} 1-0

[Event "EYCC Open-U16 2019"]
[Site "Bratislava"]
[Date "2019.08.10"]
[Round "9.18"]
[White "Svane, Frederik"]
[Black "Marn, Jan"]
[Result "1-0"]
[WhiteElo "2334"]
[BlackElo "2215"]
[Annotator "TA"]
[PlyCount "107"]
[EventDate "2019.08.02"]
[EventType "swiss"]
[EventCountry "SVK"]
[SourceTitle "playchess.com"]
[Source "ChessBase"]
[SourceQuality "1"]

{[%evp 16,107,31,29,41,34,37,29,49,40,52,20,61,0,0,0,0,0,0,0,0,0,45,43,41,0,30,22,36,29,22,20,44,39,56,46,51,52,59,58,62,60,66,61,94,71,158,127,245,88,83,84,143,143,157,115,156,140,156,139,277,272,279,246,424,385,367,364,487,471,772,755,1072,899,1701,956,941,945,937,932,868,591,1303,1290,1375,1456,1506,1385,6656,6756,29991,29992,29992,2169]} 1. e4 e5 2. Nf3 Nc6 3. Bb5 a6 4. Ba4 Nf6 ({Predecessor:} 4... b5 5. Bb3 Nf6 6. O-O Be7 7. Re1 O-O 8. c3 Bb7 9. d4 d6 10. Nbd2 Re8 11. Nf1 Bf8 12. Ng3 g6 13. Bc2 Bg7 {1-0 (55) Sztokbant,B (2230)-Dias da Silva,A (1995) Sao Paulo 2013}) 5. O-O Be7 6. d3 d6 7. c3 O-O 8. Nbd2 {[%cal Bb1d2,Bd2f1,Bf1g3][%mdl 32]} b5 9. Bc2 Re8 {C77: Ruy Lopez: 3...a6 4 Ba4 Nf6, unusual lines} 10. Re1 Bf8 11. Nf1 $146 (11. h3 Bb7 12. Nf1 h6 13. Ng3 d5 14. Qe2 g6 15. h4 dxe4 16. dxe4 Na5 17. h5 c5 18. hxg6 fxg6 19. Nh4 {1-0 (38) Nisipeanu,L (2670)-Predke,A (2611) Skopje 2019}) 11... g6 {White has an edge.} 12. Ng3 Bg7 13. a4 Bb7 14. d4 (14. b4 $14) 14... exd4 $11 15. cxd4 Nb4 16. Bb1 c5 17. Bd2 Nc6 18. d5 Na5 19. Bd3 $1 b4 20. Bf1 Qb6 21. Rc1 Ng4 22. h3 Ne5 {next ...Nxf3+ is good for Black.} 23. b3 Rac8 24. Rb1 Rc7 25. Kh2 Bc8 26. Nxe5 Bxe5 27. f4 Bd4 28. Qf3 Rce7 29. Bd3 Bd7 30. f5 gxf5 (30... Bc8 $142) 31. Nxf5 Bxf5 (31... Be5+ $16 {might work better.} 32. Kh1 Bxf5 33. Qxf5 f6) 32. Qxf5 $2 (32. exf5 $18 {and the rest is easy. Threatening mate with f6.} f6 33. Re6) 32... f6 $16 33. Kh1 Qd8 ({Better is} 33... Kh8) 34. Bxa6 Rg7 35. Be2 Re5 36. Qf4 Reg5 37. Bg4 h5 (37... Kh8 $16 38. Qf3 R5g6) 38. Be6+ $18 Kf8 39. Qf3 R5g6 $2 (39... Rg3) 40. Qxh5 Ke7 41. Re2 Qe8 42. Bf4 c4 (42... Qf8 $142 43. Bf5 Rg5) 43. bxc4 Qxa4 44. Qh8 Bc5 45. Bh6 Qe8 46. Bxg7 {[#] Qh7 is the strong threat.} Qxh8 47. Bxh8 b3 48. Reb2 Rg3 49. Kh2 Rd3 50. Rf1 Bd4 {[#]} 51. Rbf2 $1 Bxf2 52. Rxf2 Nxc4 53. Bxf6+ Ke8 54. Bg7 {Accuracy: White = 66%, Black = 27%.} (54. Rf5 $142 Rg3 55. Rh5 Rg8 56. Rh7 Ne5 57. Ra7 Ng4+ 58. hxg4 Rh8+ 59. Kg3 Rh3+ 60. gxh3 Kf8 61. Ra8#) 1-0

[Event "EYCC Open-U16 2019"]
[Site "Bratislava"]
[Date "2019.08.10"]
[Round "9.19"]
[White "Boyer, Mahel"]
[Black "Kazmin, Semen"]
[Result "0-1"]
[WhiteElo "2295"]
[BlackElo "2193"]
[Annotator "NA"]
[PlyCount "104"]
[EventDate "2019.08.02"]
[EventType "swiss"]
[EventCountry "SVK"]
[SourceTitle "playchess.com"]
[Source "ChessBase"]
[SourceQuality "1"]
[TimeControl "40/5400+30:1800+30"]

1. d4 {[%emt 0:00:00]} Nf6 {[%emt 0:00:00]} 2. c4 {[%emt 0:00:00]} g6 {[%emt 0:00:03]} 3. Nc3 {[%emt 0:00:00]} Bg7 {[%emt 0:00:06]} 4. Nf3 {[%emt 0:00:00]} d6 {[%emt 0:00:06]} 5. h3 {[%emt 0:00:00]} O-O {[%emt 0:00:07]} 6. Bg5 {[%emt 0:00:00]} h6 {[%emt 0:00:09]} 7. Bh4 {[%emt 0:00:00]} c5 {[%emt 0:00:36]} 8. d5 {[%emt 0:00:28]} Nbd7 {[%emt 0:00:25]} 9. e4 {[%emt 0:01:16]} a6 {[%emt 0:02:15]} 10. Nd2 {[%emt 0:10:12]} Ne8 {[%emt 0:05:36]} 11. Be2 {[%emt 0:00:50]} b5 {[%emt 0:00:57]} 12. cxb5 {[%emt 0:00:32]} axb5 {[%emt 0:00:03]} 13. Bxb5 {[%emt 0:01:06]} Ba6 {[%emt 0:00:42]} 14. Bxa6 {[%emt 0:01:02]} Rxa6 {[%emt 0:00:07]} 15. O-O {[%emt 0:00:09]} Nc7 {[%emt 0:05:11]} 16. Qe2 {[%emt 0:02:04]} Qa8 {[%emt 0:02:58]} 17. Nc4 {[%emt 0:06:04]} Re8 {[%emt 0:03:43]} 18. f4 {[%emt 0:05:21]} Nb6 {[%emt 0:01:44]} 19. f5 {[%emt 0:06:56]} Nxc4 {[%emt 0:04:04]} 20. Qxc4 {[%emt 0:03:12]} g5 {[%emt 0:00:08]} 21. Bg3 {[%emt 0:00:29]} Bd4+ {[%emt 0:00:43]} 22. Kh2 {[%emt 0:04:12]} Rb8 {[%emt 0:03:15]} 23. Rab1 {[%emt 0:19:13]} Rab6 {[%emt 0:01:43]} 24. b3 {[%emt 0:02:20]} Qa6 {[%emt 0:03:51]} 25. Rbc1 {[%emt 0:09:31]} Qxc4 {[%emt 0:05:53]} 26. bxc4 {[%emt 0:01:29]} Ra8 {[%emt 0:02:55]} 27. Ne2 {[%emt 0:04:25]} Bg7 {[%emt 0:05:26]} 28. e5 {[%emt 0:03:43]} Bxe5 {[%emt 0:10:05]} 29. Bxe5 {[%emt 0:00:06]} dxe5 {[%emt 0:00:03]} 30. Nc3 {[%emt 0:00:50]} Ne8 {[%emt 0:03:18]} 31. Ne4 {[%emt 0:03:07]} Rxa2 {[%emt 0:02:55]} 32. Nxc5 {[%emt 0:02:58]} Rbb2 {[%emt 0:01:24]} 33. Rg1 {[%emt 0:00:33]} Nd6 {[%emt 0:00:29]} 34. Nd3 {[%emt 0:01:34]} Rd2 {[%emt 0:00:40]} 35. Nxe5 {[%emt 0:01:08]} Nxf5 {[%emt 0:00:18]} 36. Nf3 {[%emt 0:02:20]} Rf2 {[%emt 0:02:20]} 37. Rcf1 {[%emt 0:04:40]} Rxf1 {[%emt 0:00:17]} 38. Rxf1 {[%emt 0:00:01]} Ne3 {[%emt 0:00:06]} 39. Rg1 {[%emt 0:03:53]} Nxc4 {[%emt 0:00:06]} 40. Re1 {[%emt 0:00:00]} Kf8 {[%emt 0:00:00]} 41. Nd4 {[%emt 0:00:38]} Rd2 {[%emt 0:03:59]} 42. Nc6 {[%emt 0:04:55]} Rxd5 {[%emt 0:00:08]} 43. Nxe7 {[%emt 0:01:48]} Rc5 {[%emt 0:00:10]} 44. g4 {[%emt 0:00:04]} Ne5 {[%emt 0:00:15]} 45. Rxe5 {[%emt 0:01:10]} Rxe5 {[%emt 0:00:06]} 46. Nc6 {[%emt 0:00:02]} Re4 {[%emt 0:00:21]} 47. Kg3 {[%emt 0:00:01]} Kg7 {[%emt 0:00:25]} 48. Na5 {[%emt 0:00:16]} Kg6 {[%emt 0:00:16]} 49. Nb7 {[%emt 0:00:02]} Re3+ {[%emt 0:00:23]} 50. Kg2 {[%emt 0:00:04]} f5 {[%emt 0:00:29]} 51. gxf5+ {[%emt 0:00:19]} Kxf5 {[%emt 0:00:06]} 52. Nd6+ {[%emt 0:00:01]} Kf4 {[%emt 0:00:09]} 0-1

[Event "EYCC Open-U16 2019"]
[Site "Bratislava"]
[Date "2019.08.10"]
[Round "9.20"]
[White "Fecker, Noah"]
[Black "Stremavicius, Pijus"]
[Result "1/2-1/2"]
[WhiteElo "2313"]
[BlackElo "2071"]
[Annotator "NA"]
[PlyCount "54"]
[EventDate "2019.08.02"]
[EventType "swiss"]
[EventCountry "SVK"]
[SourceTitle "playchess.com"]
[Source "ChessBase"]
[SourceQuality "1"]
[TimeControl "40/5400+30:1800+30"]

1. e4 {[%emt 0:00:00]} d6 {[%emt 0:00:00]} 2. d4 {[%emt 0:00:00]} Nf6 {[%emt 0:00:00]} 3. Nc3 {[%emt 0:00:00]} g6 {[%emt 0:00:00]} 4. Be3 {[%emt 0:00:00]} c6 {[%emt 0:00:00]} 5. Qd2 {[%emt 0:00:00]} Nbd7 {[%emt 0:00:00]} 6. Nf3 {[%emt 0:00:51]} b5 {[%emt 0:02:24]} 7. Bd3 {[%emt 0:01:03]} Bb7 {[%emt 0:01:32]} 8. O-O {[%emt 0:10:59]} Bg7 {[%emt 0:02:52]} 9. Bh6 {[%emt 0:05:54]} O-O {[%emt 0:00:17]} 10. a4 {[%emt 0:08:54]} b4 {[%emt 0:05:44]} 11. Ne2 {[%emt 0:00:42]} c5 {[%emt 0:03:38]} 12. Ng3 {[%emt 0:04:00]} Qc7 {[%emt 0:01:45]} 13. c3 {[%emt 0:06:51]} bxc3 {[%emt 0:06:28]} 14. bxc3 {[%emt 0:00:10]} e5 {[%emt 0:00:26]} 15. d5 {[%emt 0:08:39]} Qa5 {[%emt 0:05:29]} 16. Bb5 {[%emt 0:06:43]} Ba6 {[%emt 0:06:01]} 17. Bxd7 {[%emt 0:09:52]} Nxd7 {[%emt 0:08:35]} 18. Nf5 {[%emt 0:02:29]} Bf6 {[%emt 0:01:02]} 19. Bxf8 {[%emt 0:03:18]} gxf5 {[%emt 0:02:31]} 20. Bh6 {[%emt 0:03:09]} Bxf1 {[%emt 0:00:56]} 21. Kxf1 {[%emt 0:01:33]} fxe4 {[%emt 0:01:06]} 22. Ng5 {[%emt 0:00:42]} Qa6+ {[%emt 0:00:10]} 23. Kg1 {[%emt 0:00:45]} Qd3 {[%emt 0:00:17]} 24. Qe1 {[%emt 0:01:38]} Bxg5 {[%emt 0:02:02]} 25. Bxg5 {[%emt 0:00:03]} Qxd5 {[%emt 0:00:24]} 26. Rd1 {[%emt 0:01:03]} Qe6 {[%emt 0:00:29]} 27. Qxe4 {[%emt 0:00:46]} Rb8 {[%emt 0:00:10]} 1/2-1/2

[Event "EYCC Open-U16 2019"]
[Site "Bratislava"]
[Date "2019.08.10"]
[Round "9.21"]
[White "Ognean, Mihnea-Ionut"]
[Black "Gavrilin, Roman"]
[Result "1-0"]
[WhiteElo "2287"]
[BlackElo "2131"]
[Annotator "TA"]
[PlyCount "65"]
[EventDate "2019.08.02"]
[EventType "swiss"]
[EventCountry "SVK"]
[SourceTitle "playchess.com"]
[Source "ChessBase"]
[SourceQuality "1"]

{[%evp 17,65,31,31,22,31,27,29,16,27,16,30,16,21,13,41,47,42,48,49,48,59,50,69,69,94,61,62,57,67,71,67,60,68,68,111,106,106,99,315,189,168,135,398,401,412,235,237,233,820,812]} 1. e4 c5 2. Nf3 d6 3. d4 cxd4 4. Nxd4 Nf6 5. Nc3 a6 6. Be3 e5 7. Nb3 Be6 8. f3 h5 9. Qd2 Nbd7 10. Nd5 {B90: Sicilian Najdorf: Unusual White 6th moves, 6 Be3 Ng4 and 6 Be3 e5} Bxd5 11. exd5 g6 12. Be2 {White has an edge.} (12. O-O-O Bg7 13. Kb1 Qc7 14. Be2 a5 15. a4 O-O 16. g4 Rfc8 17. Bb5 hxg4 18. fxg4 Nxg4 {0-1 (75) Robson,R (2667)-Saric,I (2690) chess.com INT 2019}) 12... Bg7 13. O-O b6 14. c4 O-O 15. Rac1 a5 16. Na1 Nh7 17. Nc2 {[#]} Bf6 $146 ({Predecessor:} 17... f5) 18. Na3 Nc5 19. Nb5 Re8 20. Bd1 Bg5 21. Bc2 Bxe3+ 22. Qxe3 Kg7 23. b3 f5 24. a3 {[%cal Ba2a3,Ba3b4][%mdl 32]} Nf6 25. b4 axb4 26. axb4 Na6 27. Ra1 $36 {[%mdl 2048] White is in control.} e4 $2 ({Don't blunder} 27... Nxb4 $2 28. Rxa8 Nxc2 29. Ra7+ (29. Rxd8 Nxe3 30. Rxe8 Nxe8 $18) 29... Nd7 30. Qf2 $18) (27... Qe7 $16) 28. Qc3 exf3 29. Rxf3 Qe7 $2 {[%mdl 8192]} (29... Nc7 $16 {was necessary.}) 30. Nd4 $18 Nc7 31. Rxa8 (31. Raf1 $142 {Hoping for Rxf5!} Qe5 {[#]} 32. Bxf5 $1 {[%mdl 512]}) 31... Rxa8 {[#]} 32. Rxf5 $1 {[%mdl 512] aiming for Nc6.} Kf7 $2 (32... Re8 33. Rg5 Qe1+ 34. Qxe1 Rxe1+ 35. Kf2 Ne4+ 36. Kxe1 Nxg5) (32... gxf5 33. Nxf5+) 33. Nc6 {Accuracy: White = 75%, Black = 42%.} 1-0